000
00295 a2200121 4500
000
nam a22 7a 4500
005
20260202122826.0
020
_a
9788199310735
100
_a
Chandrabali Pandey
_9
1113097
245
_a
Vichar-Vimarsh
260
_b
Nayee kitab prakashan
_c
2025
942
_c
TEXL
999
_c
1678469
_d
1678469